History Quiz

Random History or Celebrity Quiz
Score 0/40 Timer 08:00
1 Play Today
Clue Answer % Correct
Baseball BambinoBabe Ruth
77%
Deaf BlindHelen Keller
72.2%
Finger LickinColonel Sanders
71.6%
Mice MenJohn Steinbeck
60.2%
Big BrotherGeorge Orwell
58.7%
Christopher RobinA.A. Milne
54.7%
Italian CarEnzo Ferrari
54.6%
Desert FoxErwin Rommel
54.4%
President SHarry S. Truman
53.9%
The FlyerOrville Wright
53.8%
Exotic SpyMata Hari
50%
Handcuff KingHarry Houdini
49.2%
Anti CommunistJoseph McCarthy
48%
Chicago OutfitAl Capone
47.1%
Looney VoiceMel Blanc
45.3%
Spruce GooseHoward Hughes
44.6%
No. 5.Coco Chanel
43.7%
Wind Gone Margaret Mitchell
39.3%
Astronomical TelescopeEdwin Hubble
37.5%
Penicillin DiscoveryAlexander Fleming
36.2%
Clue Answer % Correct
Sound FuryWilliam Faulkner
32.7%
Mexican RevolutionaryPancho Villa
30.5%
Abdication SocialiteWallis Simpson
29.6%
Jazz SingerAl Jolson
29.5%
Danish PhysicistNiels Bohr
27.9%
Waste LandT.S. Eliot
27.5%
King KongFay Wray
25.7%
And ClydeBonnie Parker
24.8%
Long MarchMao Zedong
24.2%
Birth NationD.W. Griffith
20.9%
Frankenstein's MonsterBoris Karloff
20.8%
Ice PickLeon Trotsky
19.9%
Fat ManRobert Oppenheimer
18.2%
Dancer ScarfIsadora Duncan
16.8%
Blue AngelMarlene Dietrich
13.6%
Empress BluesBessie Smith
11.4%
Metropolitan OperaEnrico Caruso
9.9%
Lion JudahHaile Selassie
8.8%
Danse BananeJosephine Baker
8.8%
Principia MathematicaBertrand Russell
8.3%

You're not logged in!

Compare scores with friends on all Sporcle quizzes.
OR
Log In

Sporcle TV

Today on Sporcle TV


Watch our educational content, quiz creation guides, and fun videos on Sporcle TV.

Show Comments

Extras

Top Quizzes Today


Score Distribution

Paid Content

Your Account Isn't Verified!

In order to create a playlist on Sporcle, you need to verify the email address you used during registration. Go to your Sporcle Settings to finish the process.

Report this User

Report this user for behavior that violates our Community Guidelines.

Details: